Normal view
MARC view
Entry Personal Name
001 - CONTROL NUMBER
- control field: 52145
003 - CONTROL NUMBER IDENTIFIER
- control field: ARRUPE
005 - DATE AND TIME OF LATEST TRANSACTION
- control field: 20221130092914.0
008 - FIXED-LENGTH DATA ELEMENTS
- fixed length control field: 221130|| aca||aabn | a|a d
040 ## - CATALOGING SOURCE
- Original cataloging agency: ARRUPE
- Transcribing agency: ARRUPE
100 ## - HEADING--PERSONAL NAME
- Personal name: Gaustad, Edwin S.
- Fuller form of name: (Edwin Scott)
670 ## - SOURCE DATA FOUND
- Source citation: Work cat.: (ARRUPE)131613: Gaustad, Edwin S. (Edwin Scott), Sworn on the altar of God :, c1996.